| 000 | 00489cam a2200193ua 4500 | ||
|---|---|---|---|
| 001 | 7783 | ||
| 008 | 141223n ii |||gr||||Z||||||ben | ||
| 040 | _cMAIN | ||
| 041 | _aben | ||
| 082 | _a891.443 | ||
| 100 |
_aBhattacharya, J., _eAuthor. |
||
| 245 | 1 |
_aBanpholer sresta galpa _cBy Jagadish Bhattacharya |
|
| 250 | _a5th. | ||
| 260 |
_aCalcutta: _bBanisilpa, _c2010. |
||
| 300 | _a260p. | ||
| 653 | _aEast Indo-European & Celtic literatures | ||
| 653 | _aBengali stories | ||
| 942 | _cBK | ||
| 999 |
_c6904 _d6904 |
||